[Event "Belgrade Cup 16th"]
[Site "Belgrade"]
[Date "2016.05.11"]
[Round "3.4"]
[White "Kujundzic, Vid"]
[Black "Dimitrijevic, Miroljub"]
[Result "0-1"]
[WhiteElo "1786"]
[BlackElo "1965"]
[PlyCount "74"]
[EventDate "2016.05.09"]
[EventType "team-swiss"]
[EventRounds "5"]
[EventCountry "SRB"]
[SourceTitle "CBM 172 Extra"]
[Source "ChessBase"]
[SourceDate "2016.06.21"]
[SourceVersion "1"]
[SourceVersionDate "2016.06.21"]
[SourceQuality "1"]
[WhiteTeam "Vidikovac"]
[BlackTeam "Banjica"]
[WhiteTeamCountry "SRB"]
[BlackTeamCountry "SRB"]

1. e4 c6 2. d4 d5 3. exd5 cxd5 4. Bd3 Nf6 5. c3 Nc6 6. Bf4 e6 7. Nf3 Bd6 8. Bg5 Qc7 9. Nbd2 Bd7 10. 0-0 Be7 11. Re1 0-0 12. Ne5 a6 13. f4 Rfe8 14. Qf3 g6 15. Qh3 Nh5 16. Bxe7 Nxe7 17. g4 Nxf4 18. Qf3 g5 19. h4 h6 20. hxg5 hxg5 21. Kf2 Kg7 22. Rh1 Rh8 23. Nb3 b6 24. Ke3 f6 25. Nxd7 Qxd7 26. Rxh8 Rxh8 27. Rh1 Rxh1 28. Qxh1 Nxd3 29. Kxd3 Qd6 30. Qe1 Ng6 31. Qf2 Nf4+ 32. Kc2 e5 33. Nc1 e4 34. Kd2 Qd7 35. Qg3 Qb5 36. Kc2 Qf1 37. Kd2 Qxc1+ 0-1

[Event "Belgrade Winter op"]
[Site "Belgrade"]
[Date "2011.01.22"]
[Round "1"]
[White "Dimitrijevic, Miroljub"]
[Black "Klasan, Vladimir"]
[Result "0-1"]
[WhiteElo "1979"]
[BlackElo "2365"]
[PlyCount "50"]
[EventDate "2011.01.22"]
[EventType "swiss"]
[EventRounds "9"]
[EventCountry "SRB"]
[SourceTitle "CBM 140 Extra"]
[Source "ChessBase"]
[SourceDate "2011.03.01"]
[SourceVersion "1"]
[SourceVersionDate "2011.03.01"]
[SourceQuality "1"]

1. d4 d5 2. c4 c6 3. Nf3 Nf6 4. Nc3 dxc4 5. a4 Bf5 6. e3 e6 7. Bxc4 Bb4 8. 0-0 0-0 9. Na2 Bd6 10. b4 Nbd7 11. Bb2 Qc7 12. h3 e5 13. dxe5 Nxe5 14. Nxe5 Bxe5 15. Bxe5 Qxe5 16. Qb3 b5 17. Be2 Ne4 18. Rad1 Be6 19. Qa3 bxa4 20. Bf3 a5 21. Bxe4 Qxe4 22. bxa5 Rxa5 23. Qc3 Rg5 24. f3 Qg6 25. g4 Bxa2 0-1

[Event "Belgrade Spring op"]
[Site "Belgrade"]
[Date "2010.03.31"]
[Round "8"]
[White "Andrejevic, Miladin"]
[Black "Dimitrijevic, Miroljub"]
[Result "1-0"]
[WhiteElo "1935"]
[BlackElo "2006"]
[PlyCount "65"]
[EventDate "2010.03.23"]
[EventType "swiss"]
[EventRounds "9"]
[EventCountry "YUG"]
[SourceTitle "CBM 135 Extra"]
[Source "ChessBase"]
[SourceDate "2010.05.04"]
[SourceVersion "1"]
[SourceVersionDate "2010.05.04"]
[SourceQuality "1"]

1. e4 c6 2. Nf3 d5 3. exd5 cxd5 4. d4 Nf6 5. Bd3 Bg4 6. h3 Bh5 7. g4 Bg6 8. Bxg6 hxg6 9. Ne5 Nc6 10. c3 e6 11. Bg5 Be7 12. Nd2 Nxe5 13. dxe5 Nd7 14. Bxe7 Qxe7 15. Qe2 Qg5 16. Nf3 Qf4 17. Kf1 Rc8 18. Rd1 Qa4 19. Kg2 Nc5 20. Nd4 a6 21. a3 Qc4 22. Qc2 Nd7 23. f4 Ke7 24. Rhe1 Rh4 25. Nf3 Rhh8 26. Rd4 Qc5 27. f5 gxf5 28. gxf5 Qb6 29. Rb4 Qc7 30. fxe6 fxe6 31. Qg6 Rcg8 32. Ng5 Nc5 33. Rf4 1-0

[Event "Belgrade Spring op"]
[Site "Belgrade"]
[Date "2010.03.28"]
[Round "5"]
[White "Dimitrijevic, Miroljub"]
[Black "Nikolovska, Dragana"]
[Result "1-0"]
[WhiteElo "2006"]
[BlackElo "1719"]
[PlyCount "59"]
[EventDate "2010.03.23"]
[EventType "swiss"]
[EventRounds "9"]
[EventCountry "YUG"]
[SourceTitle "CBM 135 Extra"]
[Source "ChessBase"]
[SourceDate "2010.05.04"]
[SourceVersion "1"]
[SourceVersionDate "2010.05.04"]
[SourceQuality "1"]

1. d4 Nf6 2. Nf3 c5 3. d5 g6 4. Nc3 Bg7 5. e4 d6 6. Be2 0-0 7. Bg5 a6 8. a4 Nbd7 9. h3 Rb8 10. Nd2 h6 11. Bh4 Ne8 12. 0-0 Nc7 13. a5 b5 14. axb6 Nxb6 15. Nb3 Bd7 16. Ra5 Nb5 17. Nxb5 axb5 18. Bxb5 Bxb2 19. Bxd7 Qxd7 20. Ra2 Bg7 21. f3 Ra8 22. Rxa8 Rxa8 23. Be1 Nc4 24. Qe2 Qa4 25. Kh1 Na3 26. Bf2 Rb8 27. Na1 Bxa1 28. Rxa1 Qxc2 29. Qa6 Qxf2 30. Qxa3 1-0

[Event "Belgrade Spring op"]
[Site "Belgrade"]
[Date "2010.03.26"]
[Round "4"]
[White "Pusonja, Nikola"]
[Black "Dimitrijevic, Miroljub"]
[Result "1/2-1/2"]
[WhiteElo "1791"]
[BlackElo "2006"]
[PlyCount "171"]
[EventDate "2010.03.23"]
[EventType "swiss"]
[EventRounds "9"]
[EventCountry "YUG"]
[SourceTitle "CBM 135 Extra"]
[Source "ChessBase"]
[SourceDate "2010.05.04"]
[SourceVersion "1"]
[SourceVersionDate "2010.05.04"]
[SourceQuality "1"]

1. e4 c6 2. d3 d5 3. Nd2 e5 4. Ngf3 Bd6 5. d4 Nd7 6. exd5 cxd5 7. dxe5 Nxe5 8. Nxe5 Bxe5 9. Nf3 Bf6 10. c3 Ne7 11. Bd3 0-0 12. 0-0 Bg4 13. h3 Bf5 14. Nh2 Bxd3 15. Qxd3 Be5 16. g3 Qc7 17. Ng4 Bd6 18. f4 f5 19. Nh2 Qc4 20. Qxc4 dxc4 21. Nf3 Bc5+ 22. Kg2 Nc6 23. Re1 Rfe8 24. Bd2 h6 25. Rxe8+ Rxe8 26. Re1 Rxe1 27. Bxe1 Kf7 28. Bf2 Bxf2 29. Kxf2 Ke6 30. Ke3 Kd5 31. Nh4 Ne7 32. Nf3 Nc6 33. Ne1 Ne7 34. Nc2 Nc6 35. Kf3 b5 36. g4 fxg4+ 37. hxg4 g6 38. Ne3+ Ke6 39. Ke4 Kd6 40. f5 g5 41. a4 a6 42. axb5 axb5 43. Nd1 Ne5 44. Ne3 Nd3 45. b3 Nc5+ 46. Kd4 Nxb3+ 47. Ke4 Nc5+ 48. Kd4 Nd7 49. Nd5 Ne5 50. Ne3 Nc6+ 51. Ke4 Ne5 52. Kd4 Nf3+ 53. Ke4 Ng1 54. Nd1 Ne2 55. Ke3 Nf4 56. Ke4 Nd5 57. Kd4 Nf4 58. Ke4 h5 59. gxh5 Nxh5 60. Ne3 Nf6+ 61. Kd4 g4 62. Nf1 Nh5 63. Ne3 g3 64. Ng2 Nf6 65. Ne3 Ng4 66. Ng2 Nf2 67. Nf4 Nd3 68. Ng2 Nc1 69. Nf4 g2 70. Nxg2 Ne2+ 71. Ke3 Nxc3 72. Kd4 Ne2+ 73. Ke3 Nc1 74. Kd2 Nb3+ 75. Kc3 Kc5 76. Ne3 b4+ 77. Kb2 Nd4 78. f6 c3+ 79. Kc1 Kd6 80. f7 Ne6 81. Kc2 Kc5 82. Nf5 Kd5 83. Kd3 Nf8 84. Ne3+ Ke6 85. Kc4 Kxf7 86. Kxb4 1/2-1/2

[Event "Belgrade Spring op"]
[Site "Belgrade"]
[Date "2008.04.02"]
[Round "9"]
[White "Matejic, Dragoljub"]
[Black "Dimitrijevic, Miroljub"]
[Result "0-1"]
[WhiteElo "1909"]
[BlackElo "2010"]
[PlyCount "22"]
[EventDate "2008.03.25"]
[EventType "swiss"]
[EventRounds "9"]
[EventCountry "YUG"]
[SourceTitle "CBM 123 Extra"]
[Source "ChessBase"]
[SourceDate "2008.05.06"]
[SourceVersion "1"]
[SourceVersionDate "2008.05.06"]
[SourceQuality "1"]

1. d4 d5 2. c4 e6 3. Nf3 Nf6 4. e3 Be7 5. Nbd2 c5 6. b3 0-0 7. Bd3 Nc6 8. Bb2 b6 9. 0-0 Bb7 10. Rc1 Bd6 11. Qe2 Qe7 0-1

[Event "Belgrade Spring op"]
[Site "Belgrade"]
[Date "2008.04.01"]
[Round "8"]
[White "Dimitrijevic, Miroljub"]
[Black "Kerecki, Ljubisa"]
[Result "0-1"]
[WhiteElo "2010"]
[BlackElo "2169"]
[PlyCount "52"]
[EventDate "2008.03.25"]
[EventType "swiss"]
[EventRounds "9"]
[EventCountry "YUG"]
[SourceTitle "CBM 123 Extra"]
[Source "ChessBase"]
[SourceDate "2008.05.06"]
[SourceVersion "1"]
[SourceVersionDate "2008.05.06"]
[SourceQuality "1"]

1. d4 f5 2. Nf3 Nf6 3. g3 g6 4. Bg2 Bg7 5. c4 d6 6. 0-0 0-0 7. Nc3 c6 8. Qc2 Na6 9. a3 e6 10. Bg5 h6 11. Bxf6 Qxf6 12. e4 e5 13. Rad1 g5 14. dxe5 dxe5 15. exf5 Bxf5 16. Qe2 Bg4 17. Ne4 Qf7 18. Ned2 Rad8 19. Qe4 Rxd2 20. Qxg4 Rxb2 21. Qe4 Qe7 22. Qe3 Nc5 23. Rb1 Rxb1 24. Rxb1 Rd8 25. Bf1 e4 26. Be2 Qf8 0-1

[Event "Belgrade Spring op"]
[Site "Belgrade"]
[Date "2008.03.30"]
[Round "6"]
[White "Starcevic, Goran"]
[Black "Dimitrijevic, Miroljub"]
[Result "1-0"]
[WhiteElo "2236"]
[BlackElo "2010"]
[PlyCount "25"]
[EventDate "2008.03.25"]
[EventType "swiss"]
[EventRounds "9"]
[EventCountry "YUG"]
[SourceTitle "CBM 123 Extra"]
[Source "ChessBase"]
[SourceDate "2008.05.06"]
[SourceVersion "1"]
[SourceVersionDate "2008.05.06"]
[SourceQuality "1"]

1. e4 c6 2. Nc3 d5 3. Nf3 dxe4 4. Nxe4 Bf5 5. Ng3 Bg4 6. Bc4 Nf6 7. Bxf7+ Kxf7 8. Ne5+ Ke8 9. Nxg4 Nbd7 10. 0-0 Nxg4 11. Qxg4 Nf6 12. Qe2 Qd5 13. Re1 1-0

[Event "Belgrade Spring op"]
[Site "Belgrade"]
[Date "2008.03.29"]
[Round "5"]
[White "Popovic, Milan"]
[Black "Dimitrijevic, Miroljub"]
[Result "1/2-1/2"]
[WhiteElo "1988"]
[BlackElo "2010"]
[PlyCount "61"]
[EventDate "2008.03.25"]
[EventType "swiss"]
[EventRounds "9"]
[EventCountry "YUG"]
[SourceTitle "CBM 123 Extra"]
[Source "ChessBase"]
[SourceDate "2008.05.06"]
[SourceVersion "1"]
[SourceVersionDate "2008.05.06"]
[SourceQuality "1"]

1. d4 d5 2. Nf3 Nf6 3. Bg5 e6 4. Nbd2 c5 5. e3 Nc6 6. c3 Be7 7. Bd3 h6 8. Bf4 g6 9. Bb5 Bd7 10. Bxc6 Bxc6 11. Ne5 Qc8 12. 0-0 0-0 13. Bg3 Bb5 14. Re1 Nd7 15. Ndf3 Nxe5 16. Bxe5 Bc6 17. Rc1 Qd8 18. Nd2 Bd6 19. Bxd6 Qxd6 20. Nf3 Rac8 21. Ne5 g5 22. f4 b5 23. Re2 Be8 24. g4 f6 25. Nf3 Bg6 26. Nd2 Bd3 27. Rg2 Rc7 28. b4 a5 29. a3 axb4 30. axb4 Ra7 31. Rf2 1/2-1/2

[Event "Belgrade Spring op"]
[Site "Belgrade"]
[Date "2008.03.27"]
[Round "3"]
[White "Tomin, Ksenija"]
[Black "Dimitrijevic, Miroljub"]
[Result "1/2-1/2"]
[WhiteElo "1756"]
[BlackElo "2010"]
[PlyCount "97"]
[EventDate "2008.03.25"]
[EventType "swiss"]
[EventRounds "9"]
[EventCountry "YUG"]
[SourceTitle "CBM 123 Extra"]
[Source "ChessBase"]
[SourceDate "2008.05.06"]
[SourceVersion "1"]
[SourceVersionDate "2008.05.06"]
[SourceQuality "1"]

1. e4 c6 2. d4 d5 3. Nc3 dxe4 4. Nxe4 Bf5 5. Ng3 Bg6 6. h4 h6 7. Nf3 Nd7 8. h5 Bh7 9. Bd3 Bxd3 10. Qxd3 Ngf6 11. Bd2 e6 12. 0-0-0 Qc7 13. Ne4 0-0-0 14. c4 Nxe4 15. Qxe4 Nf6 16. Qe2 Bd6 17. Kb1 c5 18. Bc3 Kb8 19. Ne5 cxd4 20. Bxd4 Ka8 21. f4 Bxe5 22. Bxe5 Qc5 23. Rxd8+ Rxd8 24. Rd1 Qe7 25. b3 Rxd1+ 26. Qxd1 Ne8 27. Bb2 f6 28. Ba3 Qc7 29. Qd4 Kb8 30. g3 b6 31. Bb4 Kc8 32. Qe4 Kd7 33. Qg6 Kd8 34. Qd3+ Qd7 35. Kc2 Qxd3+ 36. Kxd3 f5 37. Bf8 Nf6 38. Bxg7 Nxh5 39. Bxh6 Nxg3 40. b4 Kd7 41. Bg7 Ne4 42. Be5 Kc6 43. Kd4 Kb7 44. a3 Kc6 45. Bg7 a6 46. Bf8 Nf6 47. Be7 Nd7 48. c5 b5 49. Bd6 1/2-1/2

[Event "Belgrade Spring op"]
[Site "Belgrade"]
[Date "2008.03.26"]
[Round "2"]
[White "Dimitrijevic, Miroljub"]
[Black "Milijanovic, Goran"]
[Result "0-1"]
[WhiteElo "2010"]
[BlackElo "2166"]
[PlyCount "76"]
[EventDate "2008.03.25"]
[EventType "swiss"]
[EventRounds "9"]
[EventCountry "YUG"]
[SourceTitle "CBM 123 Extra"]
[Source "ChessBase"]
[SourceDate "2008.05.06"]
[SourceVersion "1"]
[SourceVersionDate "2008.05.06"]
[SourceQuality "1"]

1. d4 Nf6 2. c4 d6 3. Nc3 Nbd7 4. Nf3 e5 5. Bg5 Be7 6. e3 c6 7. Be2 0-0 8. 0-0 Re8 9. Qc2 Qc7 10. b4 Nf8 11. Rac1 Ng6 12. Rfe1 Bd7 13. Bf1 h6 14. Bxf6 Bxf6 15. d5 Rec8 16. Bd3 Nf8 17. Bf5 g6 18. Bxd7 Nxd7 19. Nd2 a6 20. Red1 c5 21. b5 a5 22. a4 Bg7 23. e4 Nb6 24. Qd3 Rf8 25. Qh3 Qc8 26. Qxc8 Raxc8 27. Ra1 h5 28. Ncb1 Bh6 29. f3 f5 30. Ra3 Rcd8 31. exf5 gxf5 32. g3 Kf7 33. Kf2 Ke7 34. Re1 Kd7 35. Ra1 Rde8 36. Ra2 e4 37. f4 h4 38. Rc1 e3+ 0-1

[Event "Belgrade Winter op"]
[Site "Belgrade"]
[Date "2007.01.30"]
[Round "7"]
[White "Dimitrijevic, Miroljub"]
[Black "Vukovic, Ljubomir"]
[Result "0-1"]
[WhiteElo "2066"]
[BlackElo "1927"]
[PlyCount "106"]
[EventDate "2007.01.24"]
[EventType "swiss"]
[EventRounds "9"]
[EventCountry "YUG"]
[SourceTitle "EXT 2010"]
[Source "ChessBase"]
[SourceDate "2010.11.25"]
[SourceVersion "1"]
[SourceVersionDate "2010.11.25"]
[SourceQuality "1"]

1. d4 Nf6 2. Nf3 c6 3. c4 e6 4. Nc3 d5 5. Bg5 Be7 6. e3 0-0 7. Rc1 Nbd7 8. Bd3 Re8 9. 0-0 Qc7 10. Qc2 Qd8 11. Rfe1 h6 12. Bh4 Nh5 13. Bxe7 Rxe7 14. e4 dxe4 15. Nxe4 Nf4 16. Bf1 Nf8 17. Rcd1 N4g6 18. Ne5 Qa5 19. Nd6 c5 20. Nxg6 Nxg6 21. dxc5 Qxc5 22. a3 a5 23. Qc3 b6 24. Be2 Bd7 25. b4 axb4 26. axb4 Qc7 27. b5 Ra2 28. Qd4 e5 29. Qe3 Nf4 30. Bf1 Bg4 31. f3 Bd7 32. Ne4 Bf5 33. Nc3 Rc2 34. Nd5 Nxd5 35. Rxd5 Re6 36. Red1 Qe7 37. Rd8+ Kh7 38. Bd3 Rxg2+ 39. Kxg2 Rg6+ 40. Kh1 Qxd8 41. Bc2 Qf6 42. Bxf5 Qxf5 43. Rg1 Rd6 44. Rf1 Rd4 45. Qe2 Qf4 46. Re1 Rxc4 47. Qd3+ g6 48. Rg1 Rd4 49. Qb3 Rd2 50. Rg3 e4 51. Kg1 Rd3 52. Qc4 Qe3+ 53. Kg2 exf3+ 0-1

[Event "Belgrade Winter op"]
[Site "Belgrade"]
[Date "2006.01.22"]
[Round "2"]
[White "Popovic, Milan"]
[Black "Dimitrijevic, Miroljub"]
[Result "1-0"]
[WhiteElo "1932"]
[BlackElo "2067"]
[PlyCount "67"]
[EventDate "2006.01.21"]
[EventType "swiss"]
[EventRounds "9"]
[EventCountry "YUG"]
[SourceTitle "CBM 110 Extra"]
[Source "ChessBase"]
[SourceDate "2006.03.10"]
[SourceVersion "2"]
[SourceVersionDate "2006.03.10"]
[SourceQuality "1"]

1. d4 d5 2. Nf3 Nf6 3. Bg5 e6 4. Nbd2 Be7 5. Bxf6 Bxf6 6. e4 dxe4 7. Nxe4 0-0 8. h4 b6 9. Bd3 Bb7 10. Qe2 Nc6 11. c3 Re8 12. 0-0-0 Qe7 13. g4 g6 14. g5 Bg7 15. h5 Rad8 16. hxg6 hxg6 17. Nh2 Nb8 18. f4 c5 19. Ng4 Bxe4 20. Bxe4 cxd4 21. cxd4 Rxd4 22. Rxd4 Bxd4 23. Qh2 Bg7 24. Qh7+ Kf8 25. Nh6 Qc7+ 26. Kb1 Qxf4 27. Bxg6 Bxh6 28. gxh6 Qf6 29. Bd3 Ke7 30. Rf1 Rh8 31. Qe4 Qxh6 32. Qb7+ Nd7 33. Bb5 Qd2 34. Qf3 1-0

[Event "Belgrade Winter op"]
[Site "Belgrade"]
[Date "2006.01.21"]
[Round "1"]
[White "Dimitrijevic, Miroljub"]
[Black "Skare, Goran"]
[Result "0-1"]
[WhiteElo "2067"]
[BlackElo "2303"]
[PlyCount "80"]
[EventDate "2006.01.21"]
[EventType "swiss"]
[EventRounds "9"]
[EventCountry "YUG"]
[SourceTitle "CBM 110 Extra"]
[Source "ChessBase"]
[SourceDate "2006.03.10"]
[SourceVersion "2"]
[SourceVersionDate "2006.03.10"]
[SourceQuality "1"]

1. d4 d5 2. c4 c6 3. Nf3 Nf6 4. Nc3 e6 5. Bg5 h6 6. Bh4 dxc4 7. a4 Bb4 8. Bxf6 gxf6 9. e3 b5 10. Nd2 Bxc3 11. bxc3 Bb7 12. Be2 Nd7 13. 0-0 Qc7 14. Bf3 a6 15. Qb1 Nb6 16. Ne4 Nd5 17. Qb2 0-0 18. Nc5 Ne7 19. Qd2 Rfe8 20. Qe2 Kg7 21. Bh5 Ng8 22. f4 f5 23. Rf3 Nf6 24. Rg3+ Kh7 25. Bf3 Nd7 26. Nxb7 Qxb7 27. e4 Nf6 28. Rh3 fxe4 29. Bxe4+ Kg7 30. Rg3+ Kf8 31. Rh3 h5 32. Qf3 Rac8 33. f5 e5 34. Qe3 exd4 35. Qh6+ Ke7 36. cxd4 Nxe4 37. Re3 Kd7 38. Rae1 Nd6 39. Qxh5 Rxe3 40. Rxe3 bxa4 0-1

[Event "Belgrade Zimski op"]
[Site "Belgrade"]
[Date "2005.01.28"]
[Round "6"]
[White "Vranesevic, Danica"]
[Black "Dimitrijevic, Miroljub"]
[Result "1-0"]
[WhiteElo "2029"]
[BlackElo "2081"]
[PlyCount "83"]
[EventDate "2005.01.22"]
[EventType "swiss"]
[EventRounds "9"]
[EventCountry "YUG"]
[SourceTitle "CBM 104 Extra"]
[Source "ChessBase"]
[SourceDate "2005.03.01"]
[SourceVersion "1"]
[SourceVersionDate "2005.03.01"]
[SourceQuality "1"]

1. e4 c6 2. d4 d5 3. Nc3 dxe4 4. Nxe4 Bf5 5. Ng3 Bg6 6. Nh3 h6 7. Nf4 Bh7 8. Bc4 Nf6 9. c3 e6 10. Qe2 Nd5 11. Nfh5 Nd7 12. 0-0 N7f6 13. Re1 Bg6 14. Bxd5 cxd5 15. Nf4 Bh7 16. Ngh5 Nxh5 17. Qxh5 g6 18. Qxd5 Qxd5 19. Nxd5 0-0-0 20. Nf6 Bg7 21. Nxh7 Rxh7 22. Bf4 g5 23. Be5 Bxe5 24. Rxe5 b6 25. f3 Rhh8 26. Kf2 Kc7 27. Rae1 Kc6 28. R1e4 Rd5 29. Ke2 Rxe5 30. Rxe5 Kd6 31. Kd3 a6 32. c4 Rb8 33. b4 Rc8 34. Re2 Rb8 35. c5+ bxc5 36. dxc5+ Kc6 37. Kc3 a5 38. a3 axb4+ 39. axb4 Kb5 40. Ra2 Rb7 41. Ra5+ Kc6 42. Kc4 1-0

[Event "Belgrade Zimski op"]
[Site "Belgrade"]
[Date "2005.01.27"]
[Round "5"]
[White "Dimitrijevic, Miroljub"]
[Black "Vukovic, Ljubomir"]
[Result "1-0"]
[WhiteElo "2081"]
[BlackElo "1963"]
[PlyCount "87"]
[EventDate "2005.01.22"]
[EventType "swiss"]
[EventRounds "9"]
[EventCountry "YUG"]
[SourceTitle "CBM 104 Extra"]
[Source "ChessBase"]
[SourceDate "2005.03.01"]
[SourceVersion "1"]
[SourceVersionDate "2005.03.01"]
[SourceQuality "1"]

1. d4 Nf6 2. c4 e5 3. dxe5 Ng4 4. Nf3 Bc5 5. e3 Nc6 6. a3 Ngxe5 7. Nxe5 Nxe5 8. Be2 a5 9. Nd2 0-0 10. 0-0 d6 11. Nf3 Ng6 12. Bd2 c6 13. Qc2 Bb6 14. Rad1 Bc7 15. Bc3 Bg4 16. Nd4 Bxe2 17. Qxe2 Qg5 18. Qf3 Ne5 19. Qe2 Ng6 20. f4 Qd8 21. Qg4 f6 22. Nf5 Qc8 23. h4 Rf7 24. h5 Ne7 25. Nh6+ Kf8 26. Qxc8+ Rxc8 27. Nxf7 Kxf7 28. e4 Re8 29. g4 h6 30. Kg2 g6 31. hxg6+ Nxg6 32. f5 Nf8 33. Kf3 Nh7 34. Bd2 Ng5+ 35. Bxg5 fxg5 36. Rh1 Kg7 37. c5 d5 38. exd5 Bf4 39. Rhe1 Rxe1 40. Rxe1 cxd5 41. Re7+ Kf6 42. Rxb7 h5 43. Rb6+ Kf7 44. gxh5 1-0